Old Delhi ; (Record no. 68753)
[ view plain ]
| 000 -LEADER | |
|---|---|
| fixed length control field | 00899nam a22002177a 4500 |
| 005 - DATE AND TIME OF LATEST TRANSACTION | |
| control field | 20120727111120.0 |
| 010 ## - LCCN (DPL NO) | |
| LC control number | B-477231 |
| 020 ## - INTERNATIONAL STANDARD BOOK NUMBER | |
| International Standard Book Number | 9788182902312 |
| Terms of availability | 1975.00 |
| 035 ## - SYSTEM CONTROL NUMBER | |
| System control number | B-477231 |
| 037 ## - SOURCE OF ACQUISITION | |
| Stock number | dpl |
| Source of stock number/acquisition | K.K.Pub/Ven |
| 082 ## - DEWEY DECIMAL CLASSIFICATION NUMBER | |
| Classification number | 954.16 |
| 100 ## - MAIN ENTRY--PERSONAL NAME | |
| Personal name | Quraishi, S Y |
| 245 ## - TITLE STATEMENT | |
| Title | Old Delhi ; |
| Remainder of title | Living Traditions / |
| Statement of responsibility, etc | by SY Quraishi |
| 260 ## - PUBLICATION, DISTRIBUTION, ETC. (IMPRINT) | |
| Place of publication, distribution, etc | Haryana |
| Name of publisher, distributor, etc | Shubhi Publications |
| Date of publication, distribution, etc | 2010 |
| 270 ## - ADDRESS | |
| Address | 240, 2nd floor city centre |
| City | Gurgaon, Haryana |
| Postal code | 122002 |
| 300 ## - PHYSICAL DESCRIPTION | |
| Extent | 129 p. |
| Dimensions | 30 cm. (Hb) |
| 500 ## - GENERAL NOTE | |
| General note | Includes bibliographical references and index |
| 942 ## - ADDED ENTRY ELEMENTS (KOHA) | |
| Source of classification or shelving scheme | Dewey Decimal Classification |
| Item type | English Books |
| Call number suffix | QUR |
| Classification part | 954.16 |
| Withdrawn status | Lost status | Not for loan | Collection code | Home library | Current library | Date acquired | Source of acquisition | Cost, normal purchase price | Full call number | Barcode | Copy number | Cost, replacement price | Koha item type |
|---|---|---|---|---|---|---|---|---|---|---|---|---|---|
| Not For Loan | Reference | Central Library | Central Library | 14/08/2012 | K.K.Pub/1907/30.3.2012/SP/45/30.03.2012/30.03.2012 | 1975.00 | 954.16 QUR | B-477231 | 1 | 1975.00 | English Books |
